Primetime Emmy Winners for Supporting Acting in a Comedy Series - Statistics

General Stats
  • This quiz has been taken 30 times
    24 since last reset
  • The average score is 44 of 92
Answer Stats
Year Show Leading Actor % Correct
2015 Veep Tony Hale
83%
2013 Veep Tony Hale
83%
2015 Mom Allison Janney
78%
2014 Mom Allison Janney
78%
2017 Saturday Night Live Kate McKinnon
78%
2016 Saturday Night Live Kate McKinnon
78%
2020 Schitt's Creek Dan Levy
72%
2018 Barry Henry Winkler
72%
1996 Seinfeld Julia Louis-Dreyfus
72%
1998 Friends Lisa Kudrow
72%
2023 The Bear Ayo Edebiri
67%
2022 Ted Lasso Brett Goldstein
67%
2021 Ted Lasso Brett Goldstein
67%
2025 Hacks Hannah Einbinder
67%
2021 Ted Lasso Hannah Waddingham
67%
2010 Glee Jane Lynch
67%
2009 Two and a Half Men Jon Cryer
67%
1994 Roseanne Laurie Metcalf
67%
1993 Roseanne Laurie Metcalf
67%
1992 Roseanne Laurie Metcalf
67%
1997 Seinfeld Michael Richards
67%
1994 Seinfeld Michael Richards
67%
1993 Seinfeld Michael Richards
67%
2000 Will & Grace Sean Hayes
67%
2022 Abbott Elementary Sheryl Lee Ralph
67%
2014 Modern Family Ty Burrell
67%
2011 Modern Family Ty Burrell
67%
2020 Schitt's Creek Annie Murphy
61%
2005 Everybody Loves Raymond Doris Roberts
61%
2003 Everybody Loves Raymond Doris Roberts
61%
2002 Everybody Loves Raymond Doris Roberts
61%
2001 Everybody Loves Raymond Doris Roberts
61%
2012 Modern Family Eric Stonestreet
61%
2010 Modern Family Eric Stonestreet
61%
2024 The Bear Liza Colon-Zayas
61%
2017 Saturday Night Live Alec Baldwin
56%
2019 The Marvelous Mrs. Maisel Alex Borstein
56%
2018 The Marvelous Mrs. Maisel Alex Borstein
56%
2024 The Bear Ebon Moss-Bachrach
56%
2023 The Bear Ebon Moss-Bachrach
56%
2008 Entourage Jeremy Piven
56%
2007 Entourage Jeremy Piven
56%
2006 Entourage Jeremy Piven
56%
2012 Modern Family Julie Bowen
56%
2011 Modern Family Julie Bowen
56%
2006 Will & Grace Megan Mullally
56%
2000 Will & Grace Megan Mullally
56%
2019 The Marvelous Mrs. Maisel Tony Shalhoub
56%
1981 Taxi Danny Devito
50%
2025 Somebody Somewhere Jeff Hiller
50%
2005 Everybody Loves Raymond Brad Garrett
44%
2003 Everybody Loves Raymond Brad Garrett
44%
2002 Everybody Loves Raymond Brad Garrett
44%
2004 Sex and the City Cynthia Nixon
44%
2004 Frasier David Hyde Pierce
44%
1999 Frasier David Hyde Pierce
44%
1998 Frasier David Hyde Pierce
44%
1995 Frasier David Hyde Pierce
44%
1989 Cheers Rhea Perlman
44%
1986 Cheers Rhea Perlman
44%
1985 Cheers Rhea Perlman
44%
1984 Cheers Rhea Perlman
44%
1999 3rd Rock from the Sun Kristen Johnson
39%
1997 3rd Rock from the Sun Kristen Johnson
39%
2013 Nurse Jackie Merritt Wever
39%
1989 Cheers Woody Harrelson
39%
1983 Taxi Carol Kane
33%
2007 My Name is Earl Jamie Pressly
33%
2009 Pushing Daisies Kristin Chenoweth
33%
2016 Baskets Louie Anderson
33%
1983 Taxi Christopher Lloyd
28%
1982 Taxi Christopher Lloyd
28%
1981 Private Benjamin Eileen Brennan
28%
2008 Samantha Who? Jean Smart
28%
1995 Cybill Christine Baranski
22%
1988 The Golden Girls Estelle Getty
22%
1987 227 Jackee Harry
17%
1982 M*A*S*H* Loretta Swit
17%
1980 M*A*S*H* Loretta Swit
17%
1992 Evening Shade Michael Jeter
17%
1984 One Day at a Time Pat Harrington Jr.
17%
1996 The Larry Sanders Show Rip Torn
17%
1991 Cheers Bebe Neuwirth
11%
1990 Cheers Bebe Neuwirth
11%
1980 M*A*S*H* Harry Morgan
11%
1988 Night Court John Larroquette
11%
1987 Night Court John Larroquette
11%
1986 Night Court John Larroquette
11%
1985 Night Court John Larroquette
11%
1991 Davis Rules Jonathan Winters
11%
2001 Ally McBeal Peter MacNicol
11%
1990 The Famous Teddy Z Alex Rocco
6%
No matching quizzes found
Score Distribution
Percent of People with Each Score
Percentile by Number Answered
Your Score History
You have not taken this quiz since the last reset